The Political Economy of science and technology : Norman Clark

Sparad:
Bibliografiska uppgifter
Huvudupphovsman: Clark, Norman
Materialtyp: Bok
Språk:Undetermined
Publicerad: Oxford Basil Blackwell 1985
Ämnen:
Taggar: Lägg till en tagg
Inga taggar, Lägg till första taggen!
Thư viện lưu trữ: Trung tâm Học liệu Trường Đại học Cần Thơ
LEADER 00487nam a2200181Ia 4500
001 CTU_85273
008 210402s9999 xx 000 0 und d
082 |a 338.9 
082 |b C592 
100 |a Clark, Norman 
245 4 |a The Political Economy of science and technology : 
245 0 |b Norman Clark 
260 |a Oxford 
260 |b Basil Blackwell 
260 |c 1985 
650 |a Technology and state 
904 |i Năm 
980 |a Trung tâm Học liệu Trường Đại học Cần Thơ